Представление документа в формате MARC21

Поле Инд. ПП Название Значение
Тип записи a
Библиографический уровень b
001 Контрольный номер RU/IS/BASE/346178963
005 Дата корректировки 20200610181712.0
008 Кодируемые данные 20101220
084 a Индекс другой классификации/Индекс ББК 63.3(5Кит)63-6; 63.3(5Инд)63-6
100 1_ a Автор Кузнецов В. С.
q Полное имя Кузнецов Вячеслав Семенович
245 a Заглавие Тибет в китайско-индийских отношениях. 1950-1954 годы
504 a Библиография Лит. в примеч.
520 a Аннотация "Тибет сдерживал агрессивные происки внешних сил в отношении территории Индии. Продвижение КНР в Тибет меняло существовавшее статус-кво. Это не могло не беспокоить Индию из-за непредсказуемости действий пекинского руководства. Так, 1 января 1950 г., спустя два дня после признания Индией КНР, Пекин объявил освобождение Тибета одной из основных задач народно-освободительной армии Китая."
650 a Основная рубрика внешняя политика
a Основная рубрика история
a Основная рубрика международные отношения
653 a Ключевые слова XX век
a Ключевые слова дипломатия
a Ключевые слова Индия
a Ключевые слова Китай
a Ключевые слова китайско-индийские отношения
a Ключевые слова Россия
a Ключевые слова территориальная автономия
a Ключевые слова Тибет
773 t Заглавие источника Вопросы истории
d Дата издания источника 2010
g Прочая информация № 10. - С. 94 - 104
w Контрольный № источника RU/IS/BASE/343239175
901 t Тип документа b